Pluto! Priyapetta Plutto! (Record no. 71086)

MARC details
000 -LEADER
fixed length control field 00391nam a2200133Ia 4500
008 - FIXED-LENGTH DATA ELEMENTS--GENERAL INFORMATION
fixed length control field 211109s9999||||xx |||||||||||||| ||und||
082 ## - DEWEY DECIMAL CLASSIFICATION NUMBER
Classification number 894.8123
Item number BAL-P
100 ## - MAIN ENTRY--PERSONAL NAME
Personal name Balakrishnan, P K
245 #0 - TITLE STATEMENT
Title Pluto! Priyapetta Plutto!
260 ## - PUBLICATION, DISTRIBUTION, ETC.
Name of publisher, distributor, etc. National Book Stall
Place of publication, distribution, etc. Kottayam
Date of publication, distribution, etc. 1978
630 ## - SUBJECT ADDED ENTRY--UNIFORM TITLE
General subdivision GENERAL STACK
650 ## - SUBJECT ADDED ENTRY--TOPICAL TERM
Topical term or geographic name entry element MALAYALAM
942 ## - ADDED ENTRY ELEMENTS (KOHA)
Koha item type BOOK
650 ## - SUBJECT ADDED ENTRY--TOPICAL TERM
Form subdivision MALAYALM LITERAURE
General subdivision MALAYALAM NOVALGeneralia
Holdings
Withdrawn status Lost status Damaged status Not for loan Home library Current library Date acquired Cost, normal purchase price Total Checkouts Full call number Barcode Shelving location Date last seen Price effective from Koha item type
        SB LIBRARY SB LIBRARY 09/11/2021 10.00   894.8123 BAL-P 00055367 GENERAL STACK 09/11/2021 09/11/2021 BOOK

Powered by Koha